| 000 | 00493nam a2200169Ia 4500 | ||
|---|---|---|---|
| 005 | 20241029145239.0 | ||
| 008 | 240126s9999 xx 000 0 und d | ||
| 020 | _a9788132117919 | ||
| 082 | _a658.4013 RAO;1 | ||
| 100 | _aRao, T V. Rao, Raju. | ||
| 245 | 0 | _aPower of 360 degree feedback : the India way for leadership effectiveness | |
| 260 |
_bSage _aNew Delhi _c2014 |
||
| 300 | _a157 | ||
| 440 | _aNULL | ||
| 650 | _a360,degree,feedback,India,leadership,effectiveness | ||
| 942 | _cPU | ||
| 999 |
_c278073 _d278073 |
||